| 000 | 00525nam a2200181Ia 4500 | ||
|---|---|---|---|
| 999 |
_c12664 _d12664 |
||
| 082 | _a301.01 MUR-; | ||
| 100 | _aMurphy, Robert F. | ||
| 245 | 0 | _aDialectics of social life: alarms and excursions in anthropological theory | |
| 260 |
_aNew York _bBasic Books Publishers _c1971 |
||
| 300 | _a261p. | ||
| 504 | _aIncludes index | ||
| 650 | _aAnthropology - Philosophy | ||
| 650 | _aEthnology - Philosophy | ||
| 650 | _aSocial anthropology | ||
| 650 | _aDialectic | ||
| 650 | _aSociology - Philosophy | ||
| 942 |
_cBK _2ddc |
||